LEADER 01252nam a2200277 a 4500 001 000000134639 003 CaOOAMICUS 005 20130626134127.0 008 130626s1974 it u000 u ita r 040 $aPUL$bita 100 1 $aSchelling, Friedrich Wilhelm Joseph von,$d1775-1854.$0(OLS)http://pul/name/19344 245 10$aRicerche filosofiche sull'essenza della libertà umana /$cSchelling ; introduzione di Giuseppe Semerari. 260 $aBari :$bLaterza,$c1974. 300 $aLXIII, 93 p. ;$c18 cm 490 1 $aPiccola biblioteca filosofica Laterza ;$v93 500 $aSul controfront.: Traduzione di S. Drago del Boca riveduta da G. Semerari. 650 4$aLibertà (filosofia).$0(OLS)http://pul/subject/9862 700 1 $aSemerari, Giuseppe.$0(OLS)http://pul/name/35924 830 0$aPiccola biblioteca filosofica Laterza ;$v93.$0(OLS)http://pul/title/5082 850 $aPUL 852 $aPUL$W1$xDP1 Fondo E. Rossi$y115$m1 S 31$j154840$qFondi$B154379$CPULBib$Z2$F154379 $82 941 1 $a1 961 $aSul dorso collocazione ms. di E. Rossi: S 7 996 $6245$aRicerche filosofiche sull'essenza della libertà umana$9(OLS)http://pul/title/170257 996 $6260$aBari :$bLaterza$9(OLS)http://pul/publisher/47895 LEADER 01747nam a2200313 a 4500 001 000000105087 003 CaOOAMICUS 005 20101210162513.0 008 070517s2006 be u001 u lat r 020 $a2-503-01141-1 (hbk) 040 $aPUL$bita 100 0 $aEugenius,$cs., vesc. di Toledo,$dm. 657.$0(OLS)http://pul/name/75792 245 10$aLibellus Carminum ; Dracontii Librorum Recognitio ; Epistulae /$cEugenius Toletanus ; curante CTLO, Centre 'Traditio Litterarum Occidentalium'. 246 30$aDracontii Librorum Recognitio 260 $aTurnhout :$bBrepols,$c2006. 300 $aIX, 55 p. ;$c25 cm +$e3 microfiches 490 1 $aCorpus Christianorum. Instrumenta Lexicologica Latina. Series A ;$v175 600 04$aEugenius,$cs., vesc. di Toledo,$dm. 657$xConcordanze.$0(OLS)http://pul/subject/33285 710 2 $aCentre "Traditio Litterarum Occidentalium".$0(OLS)http://pul/name/49938 776 1 $aEugenius, s., ves. di Tolledo, m. 657.$tEugenii Toletani Opera omnia.$dTurnhout : Brepols, 2005.$kCorpus Christianorum. Series Latina$z2-503-01141-1$z2-503-40000-0$w()92253 830 0$aCorpus Christianorum.$pInstrumenta Lexicologica Latina.$pSeries A ;$v175.$0(OLS)http://pul/title/155773 850 $aPUL 852 $aPUL$W1$xSL Cons. Gen., Altre Classi 1$y1$m2008 G 4.175$j117711$qStampati$B117657$CPULBib$Z2$F117657 $H102575 $82 941 1 $a8 996 $6020$a2-503-01141-1 (hbk)$9(OLS)http://pul/number/121158 996 $6246$aDracontii Librorum Recognitio$9(OLS)http://pul/title/156224 996 $6245$aLibellus Carminum ; Dracontii Librorum Recognitio ; Epistulae$9(OLS)http://pul/title/133170 996 $6260$aTurnhout :$bBrepols$9(OLS)http://pul/publisher/47850